Tanscripción del ruso al español / (Record no. 169418)

MARC details
000 -LEADER
campo de control de longitud fija 00557nam a22001695i 4500
001 - NÚMERO DE CONTROL
campo de control 169418
003 - IDENTIFICADOR DE NÚMERO DE CONTROL
campo de control ES-MaACL
005 - FECHA Y HORA DE LA ÚLTIMA TRANSACCIÓN
campo de control 20230906214103.0
008 - DATOS DE LONGITUD FIJA--INFORMACIÓN GENERAL
campo de control de longitud fija 080910s1969 sp |||| | spa d
080 ## - NÚMERO DE LA CLASIFICACIÓN DECIMAL UNIVERSAL
Número de la Clasificación Decimal Universal 811.161.1'351=134.2
100 1# - ENTRADA PRINCIPAL--NOMBRE DE PERSONA
Nombre de persona Calonge Ruiz, Julio.
9 (RLIN) 33775
245 10 - MENCIÓN DEL TÍTULO
Título Tanscripción del ruso al español /
Mención de responsabilidad, etc. Julio Calonge.
260 ## - PUBLICACIÓN, DISTRIBUCIÓN, ETC.
Lugar de publicación, distribución, etc. Madrid :
Nombre del editor, distribuidor, etc. Gredos,
Fecha de publicación, distribución, etc. [1969]
300 ## - DESCRIPCIÓN FÍSICA
Extensión 55 p. ;
Dimensiones 25 cm.
650 14 - PUNTO DE ACCESO ADICIONAL DE MATERIA--TÉRMINO DE MATERIA
Término de materia o nombre geográfico como elemento de entrada Lengua rusa-
Subdivisión general Transliteración al español.
9 (RLIN) 138520
852 1# - LOCALIZACIÓN
Ubicación BA
Número de control de estantería 2235-F-5
itemnumber R.141151
Nota libre .- Biblioteca Jacinto Martínez Lacalle
Holdings
Estatus retirado Estado de pérdida Estado de daño No para préstamo Colección Biblioteca de origen Biblioteca actual Ubicación en estantería Fecha de adquisición Fuente de adquisición Total de préstamos Signatura topográfica completa Código de barras Visto por última vez Precio de reemplazo Tipo de ítem Koha
        Colección de folletos Biblioteca del Ateneo de Madrid Biblioteca del Ateneo de Madrid Depósito folletos 10/09/2008     2235-F-5 1177862 23/02/2023 23/02/2023 Folleto